| 000 | 00810nam a22002297a 4500 | ||
|---|---|---|---|
| 005 | 20240530110506.0 | ||
| 008 | 151012s2010 ua g 000 j ara d | ||
| 017 |
_a2010/22489 _bمصر . دار الكتب المصرية |
||
| 020 | _a9789775023001 | ||
| 040 | _aEG-CaGPL | ||
| 082 | 0 | 4 |
_221 _a813.01/ _bهـ ك |
| 100 | 0 | _aهشام عبدالغفار . | |
| 245 | 1 | 0 |
_aكوكو : _bمجموعة قصصية فى الحب و الحرية و اشياء اخرى / _cهشام عبدالغفار . |
| 250 | _aط1. | ||
| 260 |
_aالقاهرة: _bدار كتابات ، _c2010 . |
||
| 300 |
_a171 ص ؛ _c24 سم . |
||
| 650 | 0 | 4 | _aالقصص العربية . |
| 650 | 0 | 4 | _aقصص و حكايات . |
| 650 | 0 | 4 | _aالادب العربى . |
| 942 |
_2ddc _cBK |
||
| 999 |
_c61579 _d61579 |
||